Eliminační metody I. : sborník příspěvků : 10. října 2006, Brno /

Corporate Author: Masarykova univerzita. Katedra teoretické a fyzikální chemie
Other Authors: Eliminační metody (konference), Masarykova univerzita. Výzkumné centrum pro chemii životního prostředí a ekotoxikologii
Language: Slovak
Czech
English
Published: Brno : Mendelova zemědělská a lesnická univerzita v Brně, 2006
Edition: 1. vyd.
Subjects:
Physical Description: 58 s. : il. (některé barev.) ; 21 cm
Language note: Část. anglický a slovenský text
Book
Saved in:
LEADER 01881nam a2200445 a 4500
001 nkc20061697051
003 CZ PrNK
005 20070312145403.0
007 ta
008 061128s2006 xr a f 101 0 cze
015 |a cnb001697051 
020 |a 80-7157-986-6  |q (brož.) 
035 |a (OCoLC)85723089 
040 |a ABA001  |b cze  |d OLA001 
041 0 |a cze  |a eng  |a slo 
072 7 |a 544  |x Fyzikální chemie  |2 Konspekt  |9 10 
080 |a 544.6  |2 MRF 
080 |a 544.412.2  |2 MRF 
080 |a (062.534)  |2 MRF 
111 2 |a Eliminační metody (konference)  |n (1. :  |d 2006 :  |c Brno, Česko)  |7 kn20061206010 
245 1 0 |a Eliminační metody I. :  |b sborník příspěvků : 10. října 2006, Brno /  |c [pořádající organizace Přírodovědecká fakulta, Masarykova univerzita, Katedra teoretické a fyzikální chemie, Výzkumné centrum pro chemii životního prostředí a ekotoxikologii - RECETOX] 
250 |a 1. vyd. 
260 |a Brno :  |b Mendelova zemědělská a lesnická univerzita v Brně,  |c 2006 
300 |a 58 s. :  |b il. (některé barev.) ;  |c 21 cm 
500 |a 45 výt. 
504 |a Obsahuje bibliografie a rejstřík 
546 |a Část. anglický a slovenský text 
650 0 7 |a elektrochemické metody  |7 ph360314  |2 czenas 
650 0 4 |a eliminace 
650 0 9 |a elektrochemistry methods  |2 eczenas 
650 0 9 |a elimination  |2 eczenas 
655 7 |a sborníky konferencí  |7 fd133333  |2 czenas 
655 9 |a proceedings of conferences  |2 eczenas 
710 2 |a Masarykova univerzita.  |b Katedra teoretické a fyzikální chemie  |7 kn20020321071 
710 2 |a Masarykova univerzita.  |b Výzkumné centrum pro chemii životního prostředí a ekotoxikologii  |7 olak2005284520 
910 2 |a BOA001  |b 2-1183.037 
990 |a BK 
995 |a 01 
991 |b 200703  |c NOV 
996 6 |b 2610304511  |c 2-1183.037  |l MZK  |r Sklad / do 1 hodiny  |n 1  |p p.v.  |w 000843836  |u 000010  |a 1  |e BOA001  |j MZK50  |s P